Přesun zdrojů z České do Slovenské republiky a stabilita Československa

Genéza vzniku spoločného štátu Československa. Vstup Slovenska do spoločného štátu a jeho podiel na tvorbe hrubého domáceho produktu Československa v rokoch 1921-1937. Východzí stav podielu Slovenska na Československu vo vývoji po druhej svetovej vojne (1948). Vyrovnávací proces rokoch 1948-1989. Hl...

Descrizione completa

Salvato in:
Dettagli Bibliografici
Autore principale: Bálek, Alexej
Natura: Capitolo di libro
Lingua:ceco
Soggetti:
Tags: Aggiungi Tag
Nessun Tag, puoi essere il primo ad aggiungerne!!

MARC

LEADER 00000naa a2200000 4500
001 r015884
005 20221205090618.4
041 0 |a cze 
044 |a CZ 
245 1 0 |a Přesun zdrojů z České do Slovenské republiky a stabilita Československa  |c A. Bálek 
520 |a Genéza vzniku spoločného štátu Československa. Vstup Slovenska do spoločného štátu a jeho podiel na tvorbe hrubého domáceho produktu Československa v rokoch 1921-1937. Východzí stav podielu Slovenska na Československu vo vývoji po druhej svetovej vojne (1948). Vyrovnávací proces rokoch 1948-1989. Hlavné charakteristiky ekonomického vývoja v celom období rokov 1951 až 1989 podávajú uvedené tabuľky. Presun zdrojov na Slovensko a jeho konečné dôsledky. 
610 2 0 |a produkt domáci hrubý 
610 2 0 |a Česko 
610 2 0 |a Slovensko 
610 2 0 |a ČSR 
610 2 0 |a ČSFR 
610 2 0 |a vývoj hospodársky 
610 2 0 |a dôchodok národný 
610 2 0 |a spotreba spoločenská 
610 2 0 |a zdroje finančné 
100 1 |a Bálek, Alexej